| 000 | 00760nam a2200253Ia 4500 | ||
|---|---|---|---|
| 003 | OSt | ||
| 005 | 20221005101806.0 | ||
| 006 | a|||||r|||| 00| 0 | ||
| 007 | ta | ||
| 008 | 221004b |||||||| |||| 00| 0 eng d | ||
| 024 | _a28639 | ||
| 037 | _cTextual | ||
| 040 |
_aCRL _cCRL _beng |
||
| 041 |
_2eng _aeng |
||
| 082 | _aF553p, M9 | ||
| 100 |
_aMathur A N Eds _9622622 |
||
| 245 | 0 |
_aRenewable energy and environment _b Proceedings of national solar energy convention 1989. Udaipur Rajasthan December 1-3, 1989 |
|
| 260 |
_aUdaipur _bHimanshu _c1990 |
||
| 300 |
_a522p _ccm. |
||
| 650 | _aTECHNOLOGY | ||
| 700 |
_a Rathore N S _9268952 |
||
| 942 |
_hF553p, M9 _cTEXL _2cc |
||
| 999 |
_c1007393 _d1007393 |
||